[Event "Ica La Tinguina Cup"]
[Site "Ica"]
[Date "2023.11.25"]
[Round "1"]
[White "Ramirez Bendezu, Maryand Luana"]
[Black "Castillo Perez, Leonardo Daniel"]
[Result "1/2-1/2"]
[WhiteElo "1211"]
[BlackElo "1543"]
[PlyCount "40"]
[EventDate "2023.11.25"]
[EventType "tourn"]
[EventRounds "9"]
[EventCountry "PER"]
[SourceTitle "CB49_2023"]
[SourceDate "2023.12.06"]
[SourceVersion "1"]
[SourceVersionDate "2023.12.06"]
[SourceQuality "1"]

1. e4 c5 2. Nf3 d6 3. c3 Nf6 4. d3 g6 5. Be2 Bg7 6. Be3 Nc6 7. Nbd2 0-0 8. 0-0 a6 9. d4 Ng4 10. Nb3 Nxe3 11. fxe3 cxd4 12. exd4 e5 13. Kh1 h6 14. Qd3 d5 15. Rad1 dxe4 16. Qxe4 Bf5 17. Qe3 exd4 18. Nfxd4 Nxd4 19. Nxd4 Bxd4 20. Rxd4 Qg5 1/2-1/2

[Event "Ica La Tinguina Cup"]
[Site "Ica"]
[Date "2023.11.25"]
[Round "3"]
[White "Tacas Granda, Natalia Lisseth"]
[Black "Castillo Perez, Leonardo Daniel"]
[Result "0-1"]
[WhiteElo "1247"]
[BlackElo "1543"]
[PlyCount "38"]
[EventDate "2023.11.25"]
[EventType "tourn"]
[EventRounds "9"]
[EventCountry "PER"]
[SourceTitle "CB49_2023"]
[SourceDate "2023.12.06"]
[SourceVersion "1"]
[SourceVersionDate "2023.12.06"]
[SourceQuality "1"]

1. e4 c5 2. Nf3 d6 3. d4 cxd4 4. Nxd4 Nf6 5. Nc3 g6 6. g3 Bg7 7. Bg2 0-0 8. 0-0 Nc6 9. Be3 Bd7 10. f4 Ng4 11. Bf2 Nxf2 12. Nxc6 Bxc6 13. Rxf2 Qb6 14. Ne2 Qxb2 15. Rb1 Qxa2 16. f5 a5 17. Kh1 Qc4 18. g4 Bd4 19. fxg6 Bg7 0-1